| Tag |
First Indicator |
Second Indicator |
Subfields |
| LEADER |
00000cam a2200000 i 4500 |
| 001 |
in00004160607 |
| 005 |
20200117102300.0 |
| 008 |
190318t20192019nmua b 001 0 eng |
| 010 |
|
|
|a 2019012260
|
| 020 |
|
|
|a 9780826360816
|q (printed case : alk. paper)
|
| 020 |
|
|
|a 0826360815
|
| 020 |
|
|
|z 9780826360823 (ebook)
|
| 035 |
|
|
|a (OCoLC)on1097676927
|
| 040 |
|
|
|a DLC
|e rda
|c DLC
|d UtOrBLW
|
| 043 |
|
|
|a n-mx---
|
| 049 |
|
|
|a TXAM
|
| 050 |
0 |
0 |
|a BL504
|b .S27 2019
|
| 082 |
0 |
0 |
|a 202/.3
|2 23
|
| 245 |
0 |
0 |
|a La Santa Muerte in Mexico :
|b history, devotion & and society /
|c edited by Wil G. Pansters.
|
| 250 |
|
|
|a First edition.
|
| 264 |
|
1 |
|a Albuquerque :
|b University of New Mexico Press,
|c [2019]
|
| 264 |
|
4 |
|c ©2019
|
| 300 |
|
|
|a xiv, 230 pages :
|b illustrations ;
|c 24 cm.
|
| 336 |
|
|
|a text
|b txt
|2 rdacontent
|
| 337 |
|
|
|a unmediated
|b n
|2 rdamedia
|
| 338 |
|
|
|a volume
|b nc
|2 rdacarrier
|
| 504 |
|
|
|a Includes bibliographical references (pages [193]-213) and index.
|
| 600 |
0 |
0 |
|a Santa Muerte
|c (Mexican deity)
|0 http://id.loc.gov/authorities/names/n2015045603
|
| 650 |
|
0 |
|a Death
|x Religious aspects.
|0 http://id.loc.gov/authorities/subjects/sh85036095
|
| 650 |
|
0 |
|a Death (Personification)
|0 http://id.loc.gov/authorities/subjects/sh2005008604
|
| 700 |
1 |
|
|a Pansters, W. G.
|q (Wil G.),
|e editor.
|0 http://id.loc.gov/authorities/names/n85324919
|
| 945 |
|
|
|b 183365
|
| 947 |
|
|
|a A14850837635
|
| 948 |
|
|
|a cataloged
|b h
|c 2019/10/3
|d c
|e dmitchel
|f 10:30:20 am
|
| 994 |
|
|
|a 92
|b TXA
|
| 999 |
f |
f |
|s 4543cdac-a49b-3ae0-9fba-d68d7ab3f189
|i 61d29b62-0186-3c89-a563-3b4fa137eb48
|t 0
|
| 952 |
f |
f |
|p normal
|a Texas A&M University
|b College Station
|c Sterling C. Evans Library
|d Evans: Library Stacks
|t 0
|e BL504 .S27 2019
|h Library of Congress classification
|i unmediated -- volume
|m A14850837635
|
| 998 |
f |
f |
|a BL504 .S27 2019
|t 0
|l Evans: Library Stacks
|